Nursing Solved Question Papers for BSc Nursing (Record no. 158185)

MARC details
000 -LEADER
fixed length control field 00400nam a2200145Ia 4500
008 - FIXED-LENGTH DATA ELEMENTS--GENERAL INFORMATION
fixed length control field 230411s9999 xx 000 0 und d
020 ## - INTERNATIONAL STANDARD BOOK NUMBER
International Standard Book Number 978-93-86261-84-7
041 ## - LANGUAGE CODE
Language code of text/sound track or separate title eng
082 ## - DEWEY DECIMAL CLASSIFICATION NUMBER
Classification number F/610.07/CLE/B08504
100 ## - MAIN ENTRY--PERSONAL NAME
Personal name Clement I
9 (RLIN) 119826
245 ## - TITLE STATEMENT
Title Nursing Solved Question Papers for BSc Nursing
260 ## - PUBLICATION, DISTRIBUTION, ETC. (IMPRINT)
Name of publisher, distributor, etc. Jaypee Brothers
Place of publication, distribution, etc. New Delhi
Date of publication, distribution, etc. 2017
300 ## - PHYSICAL DESCRIPTION
Extent 742p
Holdings
Withdrawn status Lost status Damaged status Not for loan Collection code Home library Current library Date acquired Vendor Cost, normal purchase price Bill number Total Checkouts Full call number Barcode Date last seen Date last checked out Cost, replacement price Bill Date Koha item type Original Barcode
          Smt. Bakul Tambat Institute of Nursing Education Smt. Bakul Tambat Institute of Nursing Education 30/03/2017 Samutkarsh 495.00 1432 3 F 610.07 CLE B08504 BTIN-BK-8504 11/10/2024 08/10/2024 361.35 30/03/2017 Books B08504
          Smt. Bakul Tambat Institute of Nursing Education Smt. Bakul Tambat Institute of Nursing Education 30/03/2017 Samutkarsh 495.00 1432 1 F 610.07 CLE B08505 BTIN-BK-8505 21/04/2023 17/04/2023 361.35 30/03/2017 Books B08505